Lähimmät pääkaupunkiparit #1 - Statistics

Yleistilastot
  • Tätä visaa on pelattu 453 kertaa
  • Keskiarvotulos 12 / 20
Vastaustilastot
Pääkaupunki Lähin pääkaupunki % Oikein
Helsinki Tallinna
94%
Washington DC Ottawa
93%
Lontoo Bryssel
80%
Kööpenhamina Berliini
78%
Lissabon Madrid
75%
Rooma Vatikaani
73%
Reykjavík Dublin
69%
Moskova Minsk
69%
Tokio Soul
67%
Buenos Aires Montevideo
66%
Ateena Skopje
57%
Kairo Jerusalem
52%
Peking Pjongjang
51%
New Delhi Islamabad
49%
La Paz Lima
47%
Taipei Manila
47%
Damaskos Beirut
44%
Bagdad Kuwait
43%
Kingston Port-au-Prince
35%
Panama San José
35%
Ehtoja vastaavia visoja ei löytynyt
Tulosjakauma
Jokaisen tuloksen saaneiden osuus
Persentiili vastausten määrän mukaan
Tuloshistoriasi
Et ole pelannut tätä visaa